| 000 | 00698nam a22002057a 4500 | ||
|---|---|---|---|
| 003 | NUST | ||
| 005 | 20240221161040.0 | ||
| 008 | 190620b ||||| |||| 00| 0 eng d | ||
| 038 | _aMr Noman Tariq | ||
| 082 | _a610.28 | ||
| 100 |
_aKholood Abid Janjua _915223 |
||
| 245 |
_aEffect of Thrombopoietin Receptor Agonist Eltrombopag on Chemotherapy Induced Thrombocytopenia _cKholood Abid Janjua |
||
| 260 |
_aIslamabad _bSMME NUST _c2018 |
||
| 300 |
_a46 p. _c30cm |
||
| 600 |
_aKholood Abid Janjua _915223 |
||
| 610 | _2Bio Medical Engineering and Science - s - Thesis | ||
| 700 |
_aDr Adeeb Shehzad _916289 |
||
| 856 | _u http://10.250.8.41:8080/xmlui/handle/123456789/7770 | ||
| 942 |
_2ddc _cTHE |
||
| 999 |
_c524400 _d524400 |
||